000 00669nam a2200193 a 4500
003 0
005 20250303133504.0
008 120724s19uu xx 00 eng d
050 _aPGS GV 1469.3.S78
_b.K49 2012
100 _aKim, Han Sol.
245 _aPlaying computer games and study habits /
_cHan Sol Kim.
260 _aLas PiƱas City, Philippines :
_bSouthville International School and Colleges,
_c2012.
300 _a29 pages :
_billustrations ;
_c28 cm.
504 _aIncludes bibliographical references.
650 _aVideo games
_vPsychological aspects.
650 _aVideo games and students.
650 _aStudy habits
_vChildren.
942 _2lcc
_cPASS
999 _c98814
_d98814